|
|
|
|
| LEADER |
01195nam a2200289 a 4500 |
| 001 |
1104984 |
| 008 |
090611s1994 iluab b 001 0 eng d |
| 010 |
|
|
|a 93001735
|
| 020 |
|
|
|a 0256115842 (recycled paper)
|
| 020 |
|
|
|a 0256156786 (international student ed. : recycled paper)
|
| 040 |
|
|
|a DLC
|c DLC
|d DLC
|
| 082 |
0 |
0 |
|a 658/.049
|2 20
|
| 100 |
1 |
|
|a Beamish, Paul W.,
|d 1953-
|
| 245 |
0 |
0 |
|a International management :
|b text and cases /
|c Paul W. Beamish ... [et al.].
|
| 250 |
|
|
|a 2nd ed.
|
| 260 |
|
|
|a Burr Ridge, Ill. :
|b Irwin,
|c c1994.
|
| 300 |
|
|
|a xii, 546 p. :
|b ill., maps ;
|c 25 cm.
|
| 504 |
|
|
|a Includes bibliographical references and index.
|
| 541 |
1 |
|
|e 00008209
|
| 650 |
|
0 |
|a International business enterprises
|x Management.
|
| 650 |
|
0 |
|a International business enterprises
|x Management
|x Case studies.
|
| 700 |
1 |
|
|a Killing, J. Peter
|
| 700 |
1 |
|
|a Lecraw, Donald J.
|
| 700 |
1 |
|
|a Morison, Allen J.
|
| 852 |
4 |
|
|a Ayesha Abed Library
|j General Shelf.
|
| 999 |
|
|
|c 1590
|d 1590
|
| 952 |
|
|
|0 0
|1 0
|2 ddc
|4 0
|6 658_049000000000000_INT
|7 0
|9 1461
|a BRACUL
|b BRACUL
|c GEN
|d 2009-06-28
|g 0.00
|l 2
|m 15
|o 658.049 INT
|p 3010008209
|r 2019-04-01
|s 2019-03-21
|t 1
|w 2009-06-28
|y BK
|x No price found in the accession register.
|